| 000 | 00803nas a2200277 4500 | ||
|---|---|---|---|
| 001 | BR9701526 | ||
| 003 | BR-BrBNA | ||
| 005 | 20231205100041.0 | ||
| 007 | ta | ||
| 008 | 230509b bl.|||p| |||| 00| 00por d | ||
| 040 |
_aBR-BrBNA _bpor _cBiblioteca Nacional de Agricultura |
||
| 041 | _a(Pt) | ||
| 072 | _aE71 | ||
| 100 | 1 | _aMoricochi, L. | |
| 245 | 1 | _aPolitica externa de cafe: o que seria melhor para o Brasil? | |
| 650 | _aCafe | ||
| 650 | _aExportacao | ||
| 650 | _aMercado Internacional | ||
| 650 | _aConsumo | ||
| 650 | _aConsumidor | ||
| 650 | _aPreco | ||
| 650 | _aEstoque | ||
| 773 | 0 |
_tInformacoes Economicas - Instituto de Economia Agricola (Brazil) _xISSN 0100-4409 _g(Aug 1996), v. 26(8) p. 5-6 _wBR9701526 |
|
| 909 |
_a202311 _bLúcia _c55 _dLúcia Elande |
||
| 942 |
_2AGRIS _n0 _cANA |
||
| 999 |
_c154126 _d154126 |
||